1801 1527 1953 1767 1119 1645 1603 1488 1985 1616 1034 1357 1261 1338 1366 1151 1088 1228 1948 1276 1384 1995 1797 1397 1885 1338 1981 1111 1197 1310 1879 1731 1139 1008 1954 1154 1205 1324 1631 1784 1733 1435 1817 1956 1997 1579 1728 1843 1268 1956 1135 1558 1259 1343 1603 1405 1248 1049 1387 1079 1271 1258 1968 1867 1951 1457 1932 1426 1898 1079 1896 1836 1324 1209 1890 1094 1948 1159 1452 1151 1848 1488 1624 1969 1682 1021 1533 1722 1742 1569 1219 1793 1015 1082 1979 1871 1843 1605 1272 BCNSPRNW ULIB Ver.6.0+V

เปลี่ยนเป็นภาษาไทย

Change to English
 แสดงรายละเอียดบรรณานุกรม
  กลับหน้าหลัก

Brief Record : Get Marc (ISO 2709) : E-mail record : QR code < ปิดหน้าต่าง
LEADER : 00000nam 2200000uu 4500
001    13399111520
003     ULIB
008    110629s||||||||th 000 0 tha d
020    9786160000005
050  4 BQ4435^bท485ป 2552
100 0  ทิพากร รินไธสงค์
245 10 เปิดบุญ ปลดกรรมทำให้รวย /^cว.วชิรเมธี
250    พิมพ์ครั้งที่ 1
260    กรุงเทพฯ :^bสถาพรบุ๊คส์,^c2552
300    166 หน้า :^bภาพประกอบ
650  7 ทำบุญ
650  7 ปลดกรรม
945    ^p120^l0^i027471
995    ทศพร
999 ^a ใช้งานได้ทุกระบบ
รายการนี้ยังไม่มีแท็ก
คุณยังไม่ได้ล็อกอิน คุณสามารถมีกิจกรรมร่วมกับเว็บไซต์ได้ แต่ต้องล็อกอินก่อน ::
  ล็อกอิน

รายการสื่อสารสนเทศ

ลำดับที่ ประเภท เลขเรียก/บาร์โค้ด สถานที่ สถานะ
- ไม่พบข้อมูล -

รายการใกล้เคียง
    หัวเรื่อง [ทำบุญ]

BibComment


ยังไม่เคยถูกคอมเมนท์

คอมเมนท์ทรัพยากรรายการนี้
  คอมเมนท์: เปิดบุญ ปลดกรรมทำ..


 Copyright 2026. Bcnsprnw @Library